|
|
|
|
| LEADER |
01276naa a22002417a 4500 |
| 003 |
AR-BeUNQ |
| 005 |
20240216095202.0 |
| 008 |
210708s1992 sp 000 0 spa d |
| 999 |
|
|
|c 34251
|d 118051
|
| 040 |
|
|
|a AR-BeUNQ
|b spa
|c AR-BeUNQ
|e aacr
|
| 100 |
1 |
|
|a Wodak, Ruth
|
| 245 |
|
0 |
|a Se trata de gente que con sólo mirarla se adivina su origen
|h [recurso electrónico] :
|b análisis crítico del discurso y el estudio del neo-racismo en la Austria contemporánea /
|c Ruth Wodak, Bernd Matouschek.
|
| 256 |
|
|
|a Datos electrónicos (1 archivo doc)
|
| 300 |
|
|
|a recurso electrónico
|
| 500 |
|
|
|a Material digital editado con un formato accesible para uso exclusivo de personas con discapacidad
|
| 538 |
|
|
|a Requerimientos del material: Procesador de textos y un lector de pantalla.
|
| 594 |
|
|
|a Aymá, Ana
|b LICENCIATURA EN CIENCIAS SOCIALES
|c IDENTIDAD, DISCURSO Y CIENCIAS SOCIALES - SEMINARIO DE INVESTIGACIÓN
|d 2018
|
| 653 |
|
|
|a Antropología social
|
| 653 |
|
|
|a Identidad cultural
|
| 700 |
1 |
|
|a Matouschek, Bernd
|
| 773 |
|
|
|a
|t Poder-decir : o el poder de los discursos.
|d Madrid : Arrecife, 1998
|g P. 55-92
|
| 856 |
|
|
|z Para solicitar el texto accesible haga click aquí (sólo para personas con discapacidad)
|u https://biblio.unq.edu.ar/consulte/index.php?a=add
|
| 942 |
|
|
|c TA
|